000 00994nam a22002777a 4500
003 CHAP
005 20220329140107.0
008 971013s r 00010 d
010 _a46882
011 _a47854
035 _a51997
040 _cCHAP
090 _aR-2962
100 0 0 _aValdés, Alberto.
_9117371
245 _aAgricultural development and trade in Latin America
_b: prospects for reform
500 _aSobretiro de: Purcell, Rondall B., ed. U.S. agricultura and third world development.- s.l.- Lynne Pienner Pub., 1987. pp. 73-95
590 _aBATCH-UPD
_b10
_c20130110
_lUCH01
_h1854
590 _aBATCH-UPD
_b10
_c20130410
_lUCH01
_h1223
590 _aBATCH-UPD
_b10
_c20130914
_lUCH01
_h1939
590 _aCONVERSION
_b10
_c20130109
_lUCH01
_h1326
650 1 4 _aAgricultura
_xAspectos economicos
_xAmerica Latina.
_91202
650 1 4 _aProductos agrícolas
_xMercadeo
_xAmérica Latina.
_991955
901 _aBK
942 _cREIMP
949 _aR-2962
_bBC
_cR
_d-116083
_eTS1
_i51997
_si
999 _c46882
_d46882